The Mechanical Engineering Drawing Desk Reference Creating and Understanding ISO Standard Technical Drawings /

Salvato in:
Dettagli Bibliografici
Autore principale: Green, Paul (Autore)
Natura: Libro
Lingua:inglese
Pubblicazione: Seattle Elsevier 2009
Edizione:1. vyd.
Soggetti:
Tags: Aggiungi Tag
Nessun Tag, puoi essere il primo ad aggiungerne!!

MARC

LEADER 00000nam a22000003a 4500
001 0011898
003 SK-STU
005 20220922095926.3
007 ta
008 160122s ----xo-----e------000-0-----d
020 |a 978-1448613090 
040 |a STU  |b slo 
041 0 |a eng 
100 1 |a Green, Paul  |4 aut 
245 1 0 |a The Mechanical Engineering Drawing Desk Reference  |b Creating and Understanding ISO Standard Technical Drawings /  |c aut. Paul Green 
250 |a 1. vyd. 
260 |a Seattle  |b Elsevier  |c 2009 
300 |a 230 s. 
650 0 7 |a grafické programovanie 
996 |b 284J044543  |c J* 117825  |l JJST  |s P  |a 0  |w 0011898_0001 
996 |b 284J044544  |c J* 117826  |l JJST  |s P  |a 0  |w 0011898_0002